17秒間考え続けよう - Statistics

General Stats
  • This quiz has been taken 153 times
  • The average score is 7 of 10
Answer Stats
歌詞 % Correct
{17秒間}
100%
{考え続けよう}
99%
{量子力学的}には
86%
{匹敵する}
82%
{2000時間}の
76%
{そう言ってます}
71%
{行動量}に
59%
{宇宙意識のエイブラハム}が
56%
{考えていこう}
53%
{いいことばかり}
50%
No matching quizzes found
Score Distribution
Percent of People with Each Score
Percentile by Number Answered
Your Score History
You have not taken this quiz